<?xml version="1.0" encoding="UTF-8"?><?xml-stylesheet type="text/xsl" href="static/style.xsl"?><OAI-PMH xmlns="http://www.openarchives.org/OAI/2.0/" xmlns:xsi="http://www.w3.org/2001/XMLSchema-instance" xsi:schemaLocation="http://www.openarchives.org/OAI/2.0/ http://www.openarchives.org/OAI/2.0/OAI-PMH.xsd"><responseDate>2026-04-13T05:00:47Z</responseDate><request verb="GetRecord" identifier="oai:www.recercat.cat:2072/462366" metadataPrefix="marc">https://recercat.cat/oai/request</request><GetRecord><record><header><identifier>oai:recercat.cat:2072/462366</identifier><datestamp>2025-07-29T20:53:38Z</datestamp><setSpec>com_2072_98</setSpec><setSpec>col_2072_378192</setSpec></header><metadata><record xmlns="http://www.loc.gov/MARC21/slim" xmlns:dcterms="http://purl.org/dc/terms/" xmlns:xsi="http://www.w3.org/2001/XMLSchema-instance" xmlns:doc="http://www.lyncode.com/xoai" xsi:schemaLocation="http://www.loc.gov/MARC21/slim http://www.loc.gov/standards/marcxml/schema/MARC21slim.xsd">
   <leader>00925njm 22002777a 4500</leader>
   <datafield ind2=" " ind1=" " tag="042">
      <subfield code="a">dc</subfield>
   </datafield>
   <datafield ind2=" " ind1=" " tag="720">
      <subfield code="a">del Pino-Díaz, Fermín</subfield>
      <subfield code="e">author</subfield>
   </datafield>
   <datafield ind2=" " ind1=" " tag="260">
      <subfield code="c">2021</subfield>
   </datafield>
   <datafield ind2=" " ind1=" " tag="520">
      <subfield code="a">Se estudia la visita oficial a España del padre Acosta (1589-1591) en su contexto nacional, por su colaboración con la Inquisición en Perú y en España. Hombre de talento, con intereses filosóficos y en el 'arte de gobernar', le calificamos de rebelde ante su superior P. Acquaviva, durante la visita a los colegios jesuitas de Andalucía (1589-1590) y de Aragón (1590-1591). En esa visita hubo un soterrado debate entre España e Italia (entre ambos gobiernos y comunidades jesuitas), y entre las élites internas dentro de cada una. Participó en el debate acerca del estatuto jesuita de 'limpieza de sangre', junto a otros miembros de la Compañía (Mariana, Ribadeneira, Possevino o Vieira). De esta visita personal y de la V Congregación general (1592-1593) se derivó un cambio para los jesuitas de enorme valor ético: la exclusión de miembros de extracción judía o islámica (decreto 52).</subfield>
   </datafield>
   <datafield ind2=" " ind1=" " tag="520">
      <subfield code="a">The official visit to Spain of Father Acosta (1589-1591) is studied in its national context, due to his collaboration with the Inquisition in Peru and Spain. A man of talent, with philosophical interests and in the 'art of government', we classify him as a rebel before his superior P. Acquaviva, during the visit to the Jesuit schools of Andalusia (1589-1590), and of Aragon (1590-1591). During that visit, there was an underground debate between Spain and Italy (between both governments and Jesuit communities), and between the internal elites within each one. He participated in the debate about the Jesuit statute of 'blood cleansing', along with other members of the Company (Mariana, Ribadeneira, Possevino or Vieira). From this personal visit and from the V General Congregation (1592-1593) a change was derived for the Jesuits of enormous ethical value: the exclusion of members of Jewish or Islamic extraction (decree 52).</subfield>
   </datafield>
   <datafield tag="653" ind2=" " ind1=" ">
      <subfield code="a">Society of Jesus</subfield>
   </datafield>
   <datafield tag="653" ind2=" " ind1=" ">
      <subfield code="a">José de Acosta</subfield>
   </datafield>
   <datafield tag="653" ind2=" " ind1=" ">
      <subfield code="a">Claudio Acquaviva</subfield>
   </datafield>
   <datafield tag="653" ind2=" " ind1=" ">
      <subfield code="a">Visit</subfield>
   </datafield>
   <datafield tag="653" ind2=" " ind1=" ">
      <subfield code="a">Andalusia</subfield>
   </datafield>
   <datafield tag="653" ind2=" " ind1=" ">
      <subfield code="a">Aragon</subfield>
   </datafield>
   <datafield tag="653" ind2=" " ind1=" ">
      <subfield code="a">Blood cleansing</subfield>
   </datafield>
   <datafield tag="653" ind2=" " ind1=" ">
      <subfield code="a">Memorialism</subfield>
   </datafield>
   <datafield tag="653" ind2=" " ind1=" ">
      <subfield code="a">Compañía de Jesús</subfield>
   </datafield>
   <datafield tag="653" ind2=" " ind1=" ">
      <subfield code="a">Visita</subfield>
   </datafield>
   <datafield tag="653" ind2=" " ind1=" ">
      <subfield code="a">Andalucía</subfield>
   </datafield>
   <datafield tag="653" ind2=" " ind1=" ">
      <subfield code="a">Aragón</subfield>
   </datafield>
   <datafield tag="653" ind2=" " ind1=" ">
      <subfield code="a">Limpieza de sangre</subfield>
   </datafield>
   <datafield tag="653" ind2=" " ind1=" ">
      <subfield code="a">Memorialismo</subfield>
   </datafield>
   <datafield ind2="0" ind1="0" tag="245">
      <subfield code="a">José de Acosta y el generalato de Claudio Acquaviva, a fines del S. XVI : sobre el verdadero significado de la visita jesuita a Andalucía y Aragón (1589-1591)</subfield>
   </datafield>
</record></metadata></record></GetRecord></OAI-PMH>